| 000 | 00510 a2200169 4500 | ||
|---|---|---|---|
| 005 | 20250505142428.0 | ||
| 020 | _a0-07-249840-4 | ||
| 082 | _a658.114 TIM | ||
| 100 | _aTIMMONCS, J .A . | ||
| 245 | _aNew Venture Creation: Entrepreneurship for the 21st Century | ||
| 250 | _a6th Ed. | ||
| 260 |
_aBoston, _bMcGraw Hill & Irwin, _c2004. |
||
| 300 |
_axxx, 700p.: ill, table, _bindex. _c26cm. |
||
| 700 | _aSPINELLI, S .S . | ||
| 856 |
_yAccess Online Book _fEntrepreneurship _dwww.mhhe.com |
||
| 942 |
_2ddc _cBKS |
||
| 999 |
_c1953 _d1953 |
||